000
00222nam a2200097Ia 4500
005
20251222114405.0
008
251222s1900||||xx |||||||||||||| ||spa||
082
_a
DVD0111/M66/1988
245
0
_a
Mi vecino Totoro:
942
_c
DVD
999
_c
1797
_d
1797